[Event "ISR-chT 2019"]
[Site "Israel"]
[Date "2019.05.05"]
[Round "11.30"]
[White "Arlinsky, Uriel"]
[Black "Kantsler, Boris"]
[Result "0-1"]
[WhiteElo "2311"]
[BlackElo "2420"]
[Annotator "TA"]
[PlyCount "66"]
[EventDate "2019.01.04"]
[EventType "team-tourn"]
[EventCountry "ISR"]
[SourceTitle "playchess.com"]
[Source "ChessBase"]
[SourceQuality "1"]

{[%evp 9,66,13,12,0,35,21,45,-14,-8,-8,-9,-25,-9,-93,-104,-82,-76,-102,-82,-97,-70,-104,-84,-115,-125,-122,-102,-115,-113,-125,-84,-202,-131,-127,-60,-79,-66,-79,-62,-340,-329,-537,-541,-531,-541,-572,-579,-560,-560,-579,-587,-584,-584,-579,-568,-730,-650,-1225,-1216]} 1. g3 $146 ({Predecessor:} 1. e4 d6 2. Nc3 e5 3. g3 Nc6 4. d3 Nf6 5. Bg2 g6 6. Nge2 {1-0 (32) Warakomski,T (2495)-Janev,E (2463) Olomouc 2010}) 1... g6 2. Bg2 Bg7 3. Nc3 Nf6 4. e4 d6 5. d3 e5 6. Nge2 {B06: Modern Defence} Nc6 7. h3 Be6 8. g4 (8. f4 $14) 8... h5 $11 9. g5 Nh7 10. h4 f6 {[%cal Rf6g5]} 11. Nd5 (11. d4 $11 {keeps the balance.} Nxd4 12. Nxd4 exd4 13. Qxd4) 11... fxg5 $17 12. hxg5 O-O 13. Ng3 {With the idea Nxh5!} Bg4 ({Much worse is} 13... Nxg5 $6 14. Nxh5 Bxd5 15. exd5 $11) 14. f3 Be6 15. c3 Ne7 16. Nf6+ Nxf6 17. gxf6 Bxf6 18. Bh6 {[#]} Rf7 $1 {aiming for ...h4.} 19. Qd2 Rh7 20. O-O-O (20. Ne2 $17 {was called for.}) 20... h4 21. Ne2 Nc6 (21... Bxa2 $17 22. c4 Bb3) 22. Be3 $1 $15 h3 $36 {[%mdl 2048] Black has good play.} 23. Bf1 $1 Qd7 24. d4 $2 {[%mdl 8192]} (24. b3 $15) 24... Bxa2 $19 25. Qc2 $2 (25. c4 Bb3 26. dxe5 Nxe5 {[%mdl 64] Double Attack} 27. Qd5+ Kg7 28. Nc3) 25... Na5 {Black is clearly winning.} 26. b4 Bb3 {[%mdl 64] [#] Skewer} 27. Qb1 Qa4 {And now ...Nc4 would win.} 28. bxa5 {Rd2 would now be nice for White.} Bxd1 29. Kd2 Bxe2 30. Kxe2 exd4 31. cxd4 Bxd4 32. Qxb7 Qa2+ 33. Kd3 Qa3+ {Accuracy: White = 36%, Black = 74%.} 0-1

[Event "ISR-chT 2019"]
[Site "Israel"]
[Date "2019.05.05"]
[Round "11.31"]
[White "Postny, Evgeny"]
[Black "Poleg, Dan"]
[Result "0-1"]
[WhiteElo "2603"]
[BlackElo "2268"]
[Annotator "TA"]
[PlyCount "60"]
[EventDate "2019.01.04"]
[EventType "team-tourn"]
[EventCountry "ISR"]
[SourceTitle "playchess.com"]
[Source "ChessBase"]
[SourceQuality "1"]

{[%evp 20,68,0,7,29,30,17,0,12,-1,73,54,47,43,50,-9,-26,-14,0,0,0,-21,-22,-25,-14,-487,-493,-683,-680,-635,-405,-497,-497,-507,-515,-508,-459,-458,-455,-455,-451,-439,-444,-580,-589,-590,-581,-597,-591,-2100,-2007]} 1. d4 d5 2. c4 dxc4 3. e4 Nf6 4. e5 Nd5 5. Bxc4 Nb6 6. Bb3 Nc6 {[%cal Bb8c6,Bc6a5,Ba5c4][%mdl 32]} 7. Ne2 Bf5 8. Nbc3 e6 9. O-O Be7 10. a3 Qd7 11. Be3 Na5 {D20: Queen's Gambit Accepted: 3 e3 and 3 e4} 12. Ba2 Nac4 13. Qc1 O-O {[#] The position is equal.} 14. Bf4 $146 ({Predecessor:} 14. Ng3 Bg6 15. Rd1 Nxe3 16. Qxe3 c6 17. Nce4 {½-½ (25) Notkin,M (2515)-Yakovich,Y (2575) Elista 1997}) 14... c5 (14... Rfd8 $11 {keeps the balance.}) 15. Rd1 {[#] Black must now prevent dxc5.} cxd4 16. Nxd4 Bg4 17. Rd3 (17. f3 $14 Bh5 18. Ne4) 17... Rfd8 $11 18. Bb1 Qe8 19. Qc2 Bh5 {Strongly threatening ...Bg6.} 20. Nxe6 ({Don't go for} 20. Rg3 $2 Bg6 $19) 20... Rxd3 $1 21. Nc7 {[%mdl 64] [#] Double Attack} Qc6 22. Nxa8 $4 {[%mdl 8192]} (22. Qxd3 $11 {and White stays safe.} Bg6 23. N3d5 Nxd5 24. Nxd5) 22... Nxb2 $1 $19 23. Bd2 {And now Nxb6 would win.} N6c4 24. Be1 Bg6 25. Qb3 Rd8 {Black is clearly winning.} 26. Bxg6 hxg6 27. Rb1 Rxa8 28. Rxb2 Nxb2 29. Qxb2 Rd8 30. h3 Qe6 {Played: Be7-c5} 0-1

[Event "ISR-chT 2019"]
[Site "Israel"]
[Date "2019.05.05"]
[Round "11.32"]
[White "Tifferet, Shaked"]
[Black "Rodshtein, Maxim"]
[Result "0-1"]
[WhiteElo "2236"]
[BlackElo "2699"]
[Annotator "TA"]
[PlyCount "80"]
[EventDate "2019.01.04"]
[EventType "team-tourn"]
[EventCountry "ISR"]
[SourceTitle "playchess.com"]
[Source "ChessBase"]
[SourceQuality "1"]

{[%evp 11,80,3,23,15,35,9,30,-22,0,-2,0,-42,-10,-66,-54,-75,-79,-233,-233,-225,-218,-289,-326,-291,-308,-676,-654,-783,-349,-695,-679,-688,-675,-1283,-869,-3166,-971,-5162,-1578,-5022,-3160,-1940,-670,-914,-637,-29989,-989,-825,-597,-564,-554,-627,-588,-720,-718,-715,-702,-682,-665,-635,-541,-631,-629,-762,-786,-1455,-845,-11872,-11297,-5522,-5522]} 1. e4 c5 2. Nf3 d6 3. d4 Nf6 4. Nc3 cxd4 5. Nxd4 a6 6. Nb3 Nc6 7. Be3 {B56: Classical Sicilian: Unusual Lines} e6 8. g4 b5 9. Bg2 ({White should try} 9. g5 Nd7 10. a3) 9... Ne5 10. g5 Nfd7 11. O-O $146 ({Predecessor:} 11. Qd4 Nc4 12. Bc1 Bb7 13. a4 Bc6 14. axb5 axb5 15. Rxa8 Qxa8 {½-½ (28) Esipenko,A (2603)-Grandelius,N (2694) Skopje 2019}) 11... Bb7 12. Kh1 (12. f4 $11 Nc4 13. Bc1) 12... h6 13. Qh5 $1 Rc8 $36 {[%mdl 2048] Black is on the roll.} 14. Nd4 $2 (14. Qh3 $17) 14... g6 $19 15. Qh3 Nc4 $1 16. f4 {and if f5 works, White does fine.} Bg7 {Strongly threatening ...hxg5.} ({Stronger than} 16... Nxb2 17. f5 $16) 17. f5 hxg5 18. Qg3 $2 (18. fxe6 Rxh3 19. exf7+ Ke7 20. Bxg5+ Bf6 21. Rxf6 Rxh2+ 22. Kxh2 Nxf6 23. Rf1 Qh8+ 24. Bh3) 18... Be5 19. fxe6 Nc5 (19... Bxg3 $142 20. exf7+ Kf8 21. Ne6+ Ke7 22. Bxg5+ Kxe6 23. Bxd8 Rcxd8) 20. Qf3 $2 (20. Qxg5 Qxg5 21. Bxg5 Nxe6 22. Nxe6 Rxh2+ 23. Kg1 fxe6 24. Bf4) 20... f5 21. Nxf5 gxf5 22. Bxc5 Rxc5 23. Nd5 Rxd5 (23... Rxh2+ $142 24. Kg1 Rxd5 $1 {[%mdl 512]}) 24. exd5 Rxh2+ 25. Kg1 Qb6+ 26. Rf2 Qd4 (26... g4 $142 27. Qd3 g3 {[%mdl 64] Pin}) 27. Re1 Bf4 {Threatens to win with ...Nd2.} 28. b3 Ne5 (28... Nd2 $142 29. Qe2 {[#]} Rxg2+ $1 {[%mdl 512]} 30. Kxg2 Bxd5+ 31. Rf3 g4 {[%mdl 64] Pin} 32. Ref1 gxf3+ 33. Rxf3 Nxf3 34. Qxf3 Qd2+ {[%mdl 64] Double Attack} 35. Kf1 Bxf3 36. c4 Qg2+ 37. Ke1 Bg3#) 29. Qd1 {Black is clearly winning.} Qxd1 30. Rxd1 {If White can now play Rxf4! this consolidates a bit.} Ng4 {...Be3 is the strong threat.} 31. Rxf4 gxf4 32. Rd4 {[#]} f3 $1 33. Bxf3 Rxc2 34. a4 Ne5 35. Bg2 Ng6 36. axb5 axb5 37. b4 Rc4 38. Rd3 Nf4 39. Rf3 Nxg2 40. Rxf5 {[#]} Ne3 $1 {Accuracy: White = 28%, Black = 50%.} 0-1

[Event "ISR-chT 2019"]
[Site "Israel"]
[Date "2019.05.05"]
[Round "11.33"]
[White "Roiz, Michael"]
[Black "Poleg, Matan"]
[Result "1-0"]
[WhiteElo "2603"]
[BlackElo "2242"]
[Annotator "TA"]
[PlyCount "63"]
[EventDate "2019.01.04"]
[EventType "team-tourn"]
[EventCountry "ISR"]
[SourceTitle "playchess.com"]
[Source "ChessBase"]
[SourceQuality "1"]

{[%evp 15,63,33,45,6,33,39,26,34,34,37,77,70,114,75,120,120,133,130,208,222,200,200,208,183,205,187,186,160,179,177,198,143,177,182,227,224,250,258,435,435,392,418,623,500,518,504,827,800,879,843]} 1. d4 Nf6 2. Nf3 e6 3. c4 b6 4. g3 Bb4+ 5. Bd2 a5 6. Bg2 O-O 7. O-O Ba6 8. Ne5 Ra7 9. b3 {E15: Queen's Indian: 4 g3 sidelines, 4 g3 Ba6 and 4 g3 Bb7 early deviations} (9. Bxb4 axb4 10. Qa4 c5 11. a3 bxa3 12. Nxa3 Rc7 13. dxc5 bxc5 14. Rfd1 d5 15. e4 d4 16. b4 Nfd7 17. Nxd7 Qxd7 18. Qxd7 Nxd7 19. bxc5 Nxc5 {1-0 (86) So,W (2762)-Gareyev,T (2557) Saint Louis 2019}) 9... d6 10. Nd3 Bxd2 11. Qxd2 $146 {White has an edge.} ({Predecessor:} 11. Nxd2 c5 12. dxc5 bxc5 13. Qc2 Bb7 14. Rfd1 Nc6 15. e3 Qa8 16. Bf1 Nb4 {0-1 (33) Soln,P (2399)-Atalik,S (2543) Bled 2001}) 11... c5 12. dxc5 bxc5 13. Nc3 Qb6 14. Rad1 Nc6 15. Nb2 $36 {[%mdl 2048] [#] Nba4 is the strong threat. White is really pushing.} Rd7 16. Nba4 Qc7 (16... Qb7 $16 {keeps fighting.} 17. g4 h6) 17. Nb5 $18 Bxb5 18. cxb5 Nd4 19. b6 Qc8 20. Rfe1 ({Worse is} 20. Qxa5 Nxe2+ 21. Kh1 Nd4 $14) 20... Nc6 21. Rc1 Rfd8 22. Red1 h6 23. Qc3 (23. e3 $18) 23... Nb4 24. Rd2 Qa6 25. Qc4 Qc8 26. Qb5 Nfd5 $2 {[#]} (26... Qa6 {was necessary.} 27. Qxa6 Nxa6) 27. e4 Ne7 28. e5 Nf5 (28... Ned5 $142 29. a3 (29. Qxa5 Nc6 $18) 29... Nc6 30. exd6 Rxd6 31. Rxc5 Qd7) 29. exd6 {White is clearly winning.} Rxd6 30. Rxd6 Rxd6 (30... Nxd6 $142 31. Qxa5 Nd5 32. Nxc5 Nb7) 31. b7 Qb8 32. Qxc5 {Accuracy: White = 85%, Black = 47%.} 1-0

[Event "ISR-chT 2019"]
[Site "Israel"]
[Date "2019.05.05"]
[Round "11.34"]
[White "Kudischewitsch, David"]
[Black "Mikhalevski, Victor"]
[Result "1/2-1/2"]
[WhiteElo "2349"]
[BlackElo "2579"]
[Annotator "TA"]
[PlyCount "24"]
[EventDate "2019.01.04"]
[EventType "team-tourn"]
[EventCountry "ISR"]
[SourceTitle "playchess.com"]
[Source "ChessBase"]
[SourceQuality "1"]

{[%evp 9,24,56,83,25,60,-7,22,15,17,6,43,56,103,94,160,150,170]} 1. d4 Nf6 2. c4 e6 3. Nc3 c5 4. d5 exd5 5. cxd5 d6 6. h3 {A60: Modern Benoni: Early Divergences} ({White should try} 6. e4 $16) (6. e4 g6 7. h3 Bg7 8. Nf3 a6 9. a4 Nbd7 10. Bd3 Nh5 11. Be2 Ne5 12. Nxe5 Bxe5 13. Bxh5 gxh5 14. Qxh5 Qf6 {1-0 (55) Jakovenko,D (2748)-Dubov,D (2691) Satka 2018}) 6... g6 $11 7. Qd3 ({White should play} 7. e4 $14) 7... Qe7 $146 (7... Na6 {is interesting.} 8. Bg5 Bg7 9. e4 Nc7 10. a4 O-O) ({Predecessor:} 7... Bg7 8. Qe3+ Kf8 9. Qd3 Na6 10. e4 Kg8 11. Nf3 h6 12. Be2 Kh7 13. O-O Nc7 {1-0 (42) Kudischewitsch,D (2350)-Flom,G (2474) Herzliya 2017}) 8. Qe3 {The position is equal.} Qxe3 9. Bxe3 Na6 (9... b5 $5) 10. Bf4 Nb4 {White must now prevent ...Nc2+.} 11. O-O-O Bf5 {[#]} (11... Nh5 $142) 12. e4 $1 {[%mdl 512]} Bd7 (12... Bxe4 13. a3) 1/2-1/2

[Event "ISR-chT 2019"]
[Site "Israel"]
[Date "2019.05.05"]
[Round "11.35"]
[White "Huzman, Alexander"]
[Black "Vaissenberg, Pinhas"]
[Result "1-0"]
[WhiteElo "2588"]
[BlackElo "2217"]
[Annotator "TA"]
[PlyCount "50"]
[EventDate "2019.01.04"]
[EventType "team-tourn"]
[EventCountry "ISR"]
[SourceTitle "playchess.com"]
[Source "ChessBase"]
[SourceQuality "1"]

{[%evp 24,50,24,24,26,14,35,23,39,43,60,60,60,71,60,7,6,3,139,137,153,139,273,281,289,280,493,-65,270]} 1. Nf3 Nf6 2. c4 e6 3. g3 d5 4. Bg2 Be7 5. d4 O-O 6. Qc2 c6 7. O-O b6 8. Nbd2 Bb7 9. b3 Nbd7 10. Bb2 Rc8 11. e4 dxe4 12. Nxe4 Nxe4 13. Qxe4 Qc7 {E09: Closed Catalan: Main Line: 7 Qc2 c6 8 Nbd2} (13... Nf6 14. Qc2 c5 15. Rad1 cxd4 16. Rxd4 Qc7 17. Rfd1 Rfd8 18. Qe2 h6 19. Ne5 Rxd4 20. Rxd4 Bxg2 21. Kxg2 {1-0 (69) Mamedyarov,S (2772)-Vitiugov,N (2731) Sochi 2017}) 14. Qe2 Bf6 15. Rad1 Rfd8 {White has an edge.} 16. Nd2 c5 {Black wants to play ...Bxg2.} 17. Bxb7 Qxb7 18. Ne4 {Hoping for Nd6.} Qc7 19. dxc5 (19. Nxf6+ $14 Nxf6 20. d5 $1 {[%mdl 512]}) 19... Bxb2 $11 20. cxb6 Qe5 $146 (20... Qxb6 $11 {keeps the balance.} 21. Qxb2 Rxc4) ({Predecessor:} 20... Qxb6 21. Qxb2 Rxc4 {1-0 (51) Ulko,J (2422)-Sadykov,R (2288) Kazan 2014}) 21. f4 $1 $16 {[%cal Rf4e5][%mdl 1024] White has strong compensation.} Qf5 {[#]} 22. g4 $1 {[%cal Rg4f5]} (22. Qxb2 Qxe4 23. bxa7 Qa8 $17) (22. bxa7 Ba3 $17) 22... Qg6 {[#]} (22... Qa5 $16) 23. Nd6 $1 $18 {[%cal Rd6c8]} (23. Qxb2 $2 Qxe4 24. bxa7 Qa8 $17) (23. bxa7 e5 $14) 23... Rc6 24. Nb7 (24. Qxb2 Qxg4+ 25. Kh1 Nxb6 $16) 24... Rb8 $2 (24... Rf8 {might work better.} 25. Rxd7 (25. Qxb2 Qxg4+ 26. Qg2 Qxg2+ 27. Kxg2 Nxb6 $14) 25... Ba3 26. bxa7 Ra6) 25. Nd6 $2 ({Not} 25. Rxd7 Rxb6 26. Nd8 (26. Qxb2 Qxg4+ 27. Qg2 Qxg2+ 28. Kxg2 R6xb7 $14) 26... e5 $18) (25. bxa7 $18 Rf8 26. Rxd7 (26. Qxb2 Qxg4+ 27. Kh1 Rc7 $18)) 25... Rd8 $2 {[%mdl 8192] Accuracy: White = 56%, Black = 17%.} ({Much weaker is} 25... Rcxb6 $6 26. Qxb2 Qxg4+ 27. Kh1 $16) (25... Rbxb6 $15 {keeps the upper hand.} 26. f5 Qf6) 1-0

[Event "ISR-chT 2019"]
[Site "Israel"]
[Date "2019.05.05"]
[Round "11.36"]
[White "Lurie, Michael"]
[Black "Greenfeld, Alon"]
[Result "1-0"]
[WhiteElo "2362"]
[BlackElo "2513"]
[Annotator "TA"]
[PlyCount "95"]
[EventDate "2019.01.04"]
[EventType "team-tourn"]
[EventCountry "ISR"]
[SourceTitle "playchess.com"]
[Source "ChessBase"]
[SourceQuality "1"]

{[%evp 9,95,60,81,63,77,66,57,56,64,42,57,7,38,23,28,0,0,0,0,0,33,25,39,-14,-21,-21,-12,-19,0,0,60,60,60,54,59,58,110,107,120,110,118,118,109,109,111,104,102,101,169,60,112,109,113,121,145,106,171,78,88,88,75,77,88,88,93,86,67,68,102,86,77,85,118,127,631,623,571,241,225,215,206,211,791,744,712,337,696,689]} 1. Nf3 g6 2. e4 c5 3. Bc4 Bg7 4. c3 d5 (4... d6 5. d4 cxd4 6. cxd4 Nf6 7. Qe2 O-O 8. O-O Bg4 9. e5 dxe5 10. dxe5 Nfd7 11. e6 Ne5 12. exf7+ Kh8 13. Rd1 Qc7 14. Bd5 Nbc6 15. Nc3 e6 16. h3 Bxf3 17. Bxf3 {0-1 (42) Shaposhnikov,E (2576)-Guseinov,G (2664) St Petersburg 2018}) 5. exd5 Nf6 6. d4 {B27: Sicilian: 2 Nf3, unusual Black 2nd moves} Nbd7 $146 ({Predecessor:} 6... cxd4 7. Qxd4 O-O 8. O-O Bg4 9. Qf4 Nbd7 10. Rd1 Bxf3 11. Qxf3 Rc8 12. Bb3 {1-0 (27) Isserman,R (2304)-Drill,F (2142) Bad Homburg 2010}) 7. dxc5 Nxc5 8. O-O {White is slightly better.} O-O 9. Bf4 b6 10. Ne5 Bb7 11. Nc6 Qd7 12. Re1 (12. b4 $5 {[%cal Rb4c5]} Nce4 13. b5 $11) 12... Bxc6 13. dxc6 Qxc6 14. Na3 a6 (14... Rfd8 $5 {[%cal Rd8d1]} 15. Qe2 a6 $11) 15. Rxe7 Rad8 16. Qf3 (16. Bxf7+ $1 $14 Kh8 17. Qe2) 16... Qxf3 $11 17. gxf3 b5 18. Be3 Na4 19. Bb3 $36 {[%mdl 2048] White has some pressure.} Nd5 (19... Nxb2 $11 20. Rb1 Na4) 20. Bxd5 $1 $14 Rxd5 21. Rb1 $1 Ra8 22. Nc2 a5 ({Better is} 22... Bf8 $14 23. Rc7 Nc5) 23. Rb7 $16 h5 24. a3 Rdd8 25. Nd4 Rdb8 26. Rxb8+ Rxb8 27. Nc6 Ra8 28. f4 Ra6 {[#]} (28... Bf6 $16 29. Kg2 Kf8) 29. Nd4 (29. Na7 $1 $18) 29... b4 ({Black should play} 29... Bxd4 $14 30. Bxd4 Rc6) 30. axb4 axb4 31. cxb4 Rd6 32. Nb5 Rd5 (32... Rd3 $16) 33. Nc3 (33. Nc7 $18 {has better winning chances.} Rd7 34. Rc1) 33... Bxc3 34. bxc3 Nxc3 {[%mdl 4096] Endgame KRB-KRN} 35. Ra1 Kg7 36. Kg2 Kf6 37. Ra5 Nb5 38. Bc5 Nc7 39. Ra7 Ne6 {[#]} 40. Be3 $1 Rb5 41. Bd2 {Hoping for Bc3+.} Rb6 $2 {[%mdl 8192]} (41... Nd8 $16) 42. Bc3+ $18 Kf5 43. Rxf7+ (43. Kf3 $142 {[%cal Ra7f7]} Nd8 44. Rd7) 43... Ke4 44. Bd2 Kd3 45. Rd7+ Ke2 $2 (45... Kc4 46. Kf3 Rc6) 46. Be3 Rxb4 47. Rd2+ Ke1 48. Rd6 {Accuracy: White = 66%, Black = 48%.} 1-0